[Event "27th North American Open"]
[Site "Las Vegas"]
[Date "2017.12.28"]
[Round "6"]
[White "Kavutskiy, Konstantin"]
[Black "Shen, Shiyan"]
[Result "1/2-1/2"]
[WhiteElo "2369"]
[BlackElo "2019"]
[PlyCount "141"]
[EventDate "2017.12.??"]
[EventType "swiss"]
[EventRounds "9"]
[EventCountry "USA"]
[Source "MonRoi"]

1. d4 Nf6 2. c4 e6 3. Nc3 Bb4 4. Qc2 d5 5. cxd5 exd5 6. Bg5 O-O 7. e3 h6 8. Bh4
c6 9. Bd3 Be7 10. Nge2 Be6 11. O-O Nbd7 12. Rad1 Rc8 13. f3 c5 14. Nf4 cxd4 15.
exd4 Bd6 16. Nxe6 fxe6 17. f4 a6 18. Qe2 Re8 19. g4 Bxf4 20. Rxf4 g5 21. Rxf6
Qxf6 22. Bf2 b5 23. a3 Rf8 24. Re1 Rce8 25. Kg2 Nb8 26. Qe3 Nc6 27. Bg1 Qg7 28.
Rf1 Rxf1 29. Bxf1 Qf7 30. Qf2 Qxf2+ 31. Bxf2 Na5 32. b4 Nb7 33. a4 bxa4 34.
Bxa6 a3 35. Be1 Nd6 36. Na2 e5 37. Bg3 exd4 38. Bxd6 Re6 39. Bc5 Rxa6 40. Bxd4
Re6 41. Kf3 Re4 42. Bc3 Rc4 43. Ke3 Kf7 44. h3 Ke6 45. Kd3 Kd6 46. Bd4 Kc6 47.
Bg7 h5 48. gxh5 Rh4 49. h6 Rxh3+ 50. Kd4 g4 51. Nc3 g3 52. b5+ Kb7 53. Ke3 d4+
54. Bxd4 Rxh6 55. Kf3 Rd6 56. Be5 Rd3+ 57. Kg2 Kb6 58. Kh3 Kc5 59. Kg2 Re3 60.
Bg7 Kc4 61. b6 Re7 62. Bf8 Rb7 63. Bxa3 Kxc3 64. Bc5 Kc4 65. Bg1 Rg7 66. Be3
Kb5 67. Bd4 Rd7 68. Bg1 Rg7 69. Bd4 Rd7 70. Bg1 Rg7 71. Bd4 1/2-1/2

[Event "27th North American Open"]
[Site "Las Vegas"]
[Date "2017.12.28"]
[Round "6"]
[White "Wang, Jason"]
[Black "Atoufi, Pedram"]
[Result "1-0"]
[WhiteElo "2064"]
[BlackElo "2284"]
[PlyCount "81"]
[EventDate "2017.12.??"]
[EventType "swiss"]
[EventRounds "9"]
[EventCountry "USA"]
[Source "MonRoi"]

1. d4 Nf6 2. c4 g6 3. Nc3 Bg7 4. e4 d6 5. Bd3 O-O 6. Nge2 c6 7. O-O a6 8. b4 b5
9. cxb5 axb5 10. Rb1 e5 11. dxe5 dxe5 12. Qc2 Be6 13. Rd1 Qb6 14. Be3 Qb7 15.
a4 Rc8 16. Ra1 Na6 17. Qb2 bxa4 18. Rxa4 Bf8 19. Rb1 Ng4 20. Bxa6 Rxa6 21. Rxa6
Qxa6 22. Bc5 Bh6 23. Ra1 Qc4 24. Qa3 Nf6 25. f3 Nd7 26. Bd6 Qd3 27. Qa6 Qxa6
28. Rxa6 Bc4 29. Ra5 Be3+ 30. Kf1 Bb6 31. Ra3 f6 32. Ke1 Kf7 33. Na4 Bd8 34.
Nc5 Nf8 35. Ra7+ Ke8 36. Nc3 h5 37. N3a4 Ne6 38. Nb6 Bxb6 39. Re7+ Kf8 40. Nd7+
Kg8 41. Nxf6+ 1-0

[Event "27th North American Open"]
[Site "Las Vegas"]
[Date "2017.12.28"]
[Round "6"]
[White "Kolay, Alex"]
[Black "Kretchetov, Alexandre"]
[Result "1/2-1/2"]
[WhiteElo "2034"]
[BlackElo "2264"]
[PlyCount "30"]
[EventDate "2017.12.??"]
[EventType "swiss"]
[EventRounds "9"]
[EventCountry "USA"]
[Source "MonRoi"]

1. d4 g6 2. c4 Bg7 3. Nc3 d6 4. Nf3 Bg4 5. e3 Nf6 6. h3 Bxf3 7. Qxf3 c6 8. g4
e5 9. d5 c5 10. e4 Nbd7 11. Be2 a6 12. Qg2 Ng8 13. h4 h6 14. a3 Bf6 15. Be3 g5
1/2-1/2

[Event "27th North American Open"]
[Site "Las Vegas"]
[Date "2017.12.28"]
[Round "6"]
[White "Johnston, Daniel"]
[Black "Ghatti, Sanjay"]
[Result "1/2-1/2"]
[WhiteElo "2022"]
[BlackElo "2212"]
[PlyCount "78"]
[EventDate "2017.12.??"]
[EventType "swiss"]
[EventRounds "9"]
[EventCountry "USA"]
[Source "MonRoi"]

1. Nf3 d5 2. g3 Nf6 3. Bg2 e6 4. O-O Be7 5. d3 O-O 6. Nbd2 Nc6 7. e4 dxe4 8.
dxe4 e5 9. h3 Bc5 10. Qe2 a6 11. a4 Be6 12. c3 a5 13. Nc4 Bxc4 14. Qxc4 Qe7 15.
Re1 Rfd8 16. Be3 Bxe3 17. Rxe3 Qd6 18. Ree1 Qd3 19. Qb3 Qa6 20. Bf1 Qb6 21.
Qxb6 cxb6 22. Bb5 Nd7 23. Nd2 Rac8 24. Nc4 Na7 25. b3 Nxb5 26. axb5 Nf6 27.
Rad1 Rxd1 28. Rxd1 h6 29. f3 Rc5 30. Rd6 a4 31. Nxb6 axb3 32. c4 b2 33. Rd1 Nd7
34. Na4 b1=Q 35. Rxb1 Rxc4 36. Rd1 Nf6 37. Nb6 Rb4 38. Rd8+ Kh7 39. Nd7 Rb1+
1/2-1/2

[Event "27th North American Open"]
[Site "Las Vegas"]
[Date "2017.12.28"]
[Round "6"]
[White "Krishnamoorthy, Vijay"]
[Black "Wu, Rochelle"]
[Result "0-1"]
[WhiteElo "2198"]
[BlackElo "1894"]
[PlyCount "79"]
[EventDate "2017.12.??"]
[EventType "swiss"]
[EventRounds "9"]
[EventCountry "USA"]
[Source "MonRoi"]

1. e4 c5 2. Nf3 d6 3. c3 Nf6 4. h3 Nc6 5. Bd3 g6 6. O-O Bg7 7. Bc2 O-O 8. Re1
Qc7 9. a3 a5 10. d4 cxd4 11. cxd4 e5 12. d5 Ne7 13. Nc3 Ne8 14. Nb5 Qd7 15. Ba4
h6 16. Be3 Nc7 17. Na7 b5 18. Bc2 Bb7 19. a4 b4 20. Nd2 Ba6 21. Nc6 Nxc6 22.
dxc6 Qxc6 23. Bb3 Qd7 24. Rc1 Ne6 25. Bd5 Rac8 26. Bc4 Bb7 27. Bb6 Nf4 28. Bxa5
d5 29. Bb5 Qe7 30. Rxc8 Rxc8 31. Kh2 Qh4 32. Bb6 dxe4 33. Qg4 Nxg2 34. Qxh4
Nxh4 35. Rd1 Nf3+ 36. Kg3 h5 37. Nxf3 exf3 38. Rd7 Be4 39. Ba6 Rc1 40. Bb7 0-1

[Event "27th North American Open"]
[Site "Las Vegas"]
[Date "2017.12.28"]
[Round "6"]
[White "Yanayt, Eugene"]
[Black "Pan, Kevin"]
[Result "1-0"]
[WhiteElo "2173"]
[BlackElo "1938"]
[PlyCount "67"]
[EventDate "2017.12.??"]
[EventType "swiss"]
[EventRounds "9"]
[EventCountry "USA"]
[Source "MonRoi"]

1. d4 Nf6 2. c4 g6 3. Nc3 Bg7 4. e4 d6 5. Nf3 O-O 6. Be2 e5 7. O-O Nc6 8. d5
Ne7 9. Ne1 Ne8 10. Be3 f5 11. f3 f4 12. Bf2 g5 13. c5 Rf6 14. a4 Rg6 15. cxd6
cxd6 16. a5 h5 17. Nb5 a6 18. Bb6 Qd7 19. Qb3 g4 20. Rc1 g3 21. h3 Kh8 22. Na7
Nf6 23. Rc7 Qe8 24. Nxc8 Rxc8 25. Rxb7 Rc1 26. Bxa6 Ng4 27. Bb5 Qf8 28. a6 Nh2
29. a7 Nxf1 30. Kxf1 Rc8 31. Bd7 Ra8 32. Bc7 Nc8 33. Bxc8 Qxc8 34. Rb8 1-0

[Event "27th North American Open"]
[Site "Las Vegas"]
[Date "2017.12.28"]
[Round "6"]
[White "Mokriak, Luidmila"]
[Black "Inapuri, Ramya"]
[Result "1/2-1/2"]
[WhiteElo "2054"]
[BlackElo "2143"]
[PlyCount "52"]
[EventDate "2017.12.??"]
[EventType "swiss"]
[EventRounds "9"]
[EventCountry "USA"]
[Source "MonRoi"]

1. d4 d5 2. c4 e6 3. Nc3 c6 4. cxd5 exd5 5. Nf3 Nf6 6. Bf4 Bd6 7. Bxd6 Qxd6 8.
e3 O-O 9. Bd3 Bg4 10. h3 Bh5 11. O-O Nbd7 12. Be2 Rfe8 13. Rb1 Ne4 14. Nxe4
dxe4 15. Nd2 Bxe2 16. Qxe2 c5 17. dxc5 Nxc5 18. Rfd1 Qe6 19. b3 Rad8 20. Nc4 g6
21. Rd2 b5 22. Nb2 Rxd2 23. Qxd2 Qa6 24. Rc1 Ne6 25. a4 bxa4 26. Nxa4 Qb5
1/2-1/2

[Event "27th North American Open"]
[Site "Las Vegas"]
[Date "2017.12.29"]
[Round "7.1"]
[White "Bryant, John"]
[Black "Sevian, Samuel"]
[Result "0-1"]
[WhiteElo "2437"]
[BlackElo "2614"]
[PlyCount "84"]
[EventDate "2017.12.??"]
[EventType "swiss"]
[EventRounds "9"]
[EventCountry "USA"]
[Source "MonRoi"]

1. e4 e5 2. Nf3 Nc6 3. Bb5 a6 4. Ba4 Nf6 5. O-O Be7 6. Re1 b5 7. Bb3 O-O 8. c3
d6 9. h3 Nb8 10. d4 Nbd7 11. Nbd2 Bb7 12. Bc2 Re8 13. Nf1 Bf8 14. Ng3 g6 15. b3
Bg7 16. Bb2 c6 17. a4 Qc7 18. Bd3 Rad8 19. Qd2 d5 20. exd5 cxd5 21. axb5 e4 22.
bxa6 Ba8 23. Ne5 exd3 24. Nxd3 Ne4 25. Qe3 Qb8 26. b4 Nxc3 27. a7 Qc8 28. Qxe8+
Rxe8 29. Rxe8+ Qxe8 30. Bxc3 Nb6 31. Nc5 Bf8 32. Nf1 Nc4 33. Ra6 h5 34. f3 Qe2
35. b5 Ne3 36. Nxe3 Qxe3+ 37. Kh1 Qxc3 38. Rc6 Bxc6 39. bxc6 Qe1+ 40. Kh2 Bd6+
41. g3 Qxg3+ 42. Kh1 Qh2# 0-1

[Event "27th North American Open"]
[Site "Las Vegas"]
[Date "2017.12.29"]
[Round "7.2"]
[White "Li, Ruifeng"]
[Black "Subramanian, Arun"]
[Result "1/2-1/2"]
[WhiteElo "2569"]
[BlackElo "2490"]
[PlyCount "55"]
[EventDate "2017.12.??"]
[EventType "swiss"]
[EventRounds "9"]
[EventCountry "USA"]
[Source "MonRoi"]

1. e4 c6 2. Nc3 d5 3. d4 dxe4 4. Nxe4 Nd7 5. Nf3 Ngf6 6. Ng3 e6 7. Bd3 Be7 8.
O-O O-O 9. c4 b6 10. Qe2 Bb7 11. b3 Re8 12. Bb2 Qc7 13. Rad1 Rad8 14. Ne5 c5
15. dxc5 Nxe5 16. Qxe5 Qxe5 17. Bxe5 Bxc5 18. Bxf6 gxf6 19. Be4 Bxe4 20. Nxe4
Kg7 21. Nxc5 bxc5 22. f3 f5 23. Kf2 Kf6 24. Ke3 h5 25. g3 Ke7 26. f4 a5 27. Rd3
h4 28. Kd2 1/2-1/2

[Event "27th North American Open"]
[Site "Las Vegas"]
[Date "2017.12.29"]
[Round "7.3"]
[White "Hess, Robert"]
[Black "Wheeler, Cameron"]
[Result "1-0"]
[WhiteElo "2568"]
[BlackElo "2384"]
[PlyCount "85"]
[EventDate "2017.12.??"]
[EventType "swiss"]
[EventRounds "9"]
[EventCountry "USA"]
[Source "MonRoi"]

1. e4 e6 2. d4 d5 3. Nc3 Bb4 4. a3 Bxc3+ 5. bxc3 dxe4 6. Qg4 Nf6 7. Qxg7 Rg8 8.
Qh6 Rg6 9. Qd2 Nc6 10. Ne2 e5 11. dxe5 Qxd2+ 12. Bxd2 Nxe5 13. Bf4 Nc6 14. Bxc7
Nd5 15. Bg3 Bg4 16. O-O-O O-O-O 17. c4 Nb6 18. Rxd8+ Kxd8 19. Nc3 f5 20. h3 Bh5
21. Bh4+ Kc8 22. g4 fxg4 23. c5 Nd7 24. Nxe4 Nd4 25. Bg3 Kd8 26. hxg4 Rxg4 27.
Nd6 Bg6 28. Nxb7+ Ke7 29. Bd3 Nf6 30. Be5 Nc6 31. f4 h5 32. Bd6+ Kd7 33. f5 Bf7
34. Bb5 Bc4 35. a4 Bd5 36. Rd1 a6 37. Be5 axb5 38. Bxf6 Nb4 39. axb5 Kc7 40.
Na5 Rg2 41. b6+ Kc8 42. Rxd5 Nxd5 43. Be5 1-0

[Event "27th North American Open"]
[Site "Las Vegas"]
[Date "2017.12.29"]
[Round "7.4"]
[White "Aldama, Dionisio"]
[Black "Moradiabadi, Elshan"]
[Result "0-1"]
[WhiteElo "2403"]
[BlackElo "2528"]
[PlyCount "132"]
[EventDate "2017.12.??"]
[EventType "swiss"]
[EventRounds "9"]
[EventCountry "USA"]
[Source "MonRoi"]

1. e4 e5 2. Nf3 Nc6 3. Bb5 a6 4. Ba4 Nf6 5. O-O Be7 6. Re1 b5 7. Bb3 O-O 8. h3
d6 9. c3 Na5 10. Bc2 c5 11. d4 Nd7 12. Nbd2 exd4 13. cxd4 Nc6 14. d5 Nce5 15.
Nxe5 Nxe5 16. a4 Bb7 17. Nf1 g6 18. Qe2 Bf6 19. Bh6 Re8 20. axb5 Qb6 21. Ba4
Rec8 22. Nd2 Rab8 23. Kh1 axb5 24. Bxb5 Bxd5 25. Ba6 Bb7 26. f4 Nc6 27. Bxb7
Qxb7 28. Nc4 Be7 29. Qf2 Rd8 30. Rad1 Qb3 31. Ne3 Qxb2 32. Rd2 Qf6 33. Bg5 Qe6
34. Ng4 Bxg5 35. fxg5 Kf8 36. Qh4 Ke7 37. Rf1 Ne5 38. Rf6 Rb1+ 39. Kh2 Nxg4+
40. Qxg4 Qxg4 41. hxg4 Re1 42. Rdf2 Rf8 43. Ra2 Rd8 44. Raf2 Rxe4 45. Rxf7+ Ke6
46. Rxh7 c4 47. Rc7 Rxg4 48. Rf6+ Ke5 49. Rxg6 Rh8+ 50. Kg1 d5 51. Rgg7 Rh5 52.
g6 Rhg5 53. Rge7+ Kd4 54. Re2 Kd3 55. Rf2 Rxg6 56. Rf3+ Kd4 57. Rf2 R6g5 58.
Ra2 Rg3 59. Kh2 Rb3 60. Rh7 Re3 61. Rc7 Rge5 62. Rd2+ Kc3 63. Rd1 Re1 64. Rxe1
Rxe1 65. g4 d4 66. g5 Re5 0-1

[Event "27th North American Open"]
[Site "Las Vegas"]
[Date "2017.12.29"]
[Round "7"]
[White "Checa, Nicolas"]
[Black "Shmelov, Denys"]
[Result "1/2-1/2"]
[WhiteElo "2474"]
[BlackElo "2420"]
[PlyCount "54"]
[EventDate "2017.12.??"]
[EventType "swiss"]
[EventRounds "9"]
[EventCountry "USA"]
[Source "MonRoi"]

1. c4 c6 2. Nf3 d5 3. e3 Nf6 4. Nc3 a6 5. d4 b5 6. b3 Bg4 7. Be2 e6 8. h3 Bh5
9. g4 Bg6 10. Ne5 Nfd7 11. Nxg6 hxg6 12. Qc2 Be7 13. Bb2 g5 14. a4 bxc4 15.
bxc4 a5 16. cxd5 cxd5 17. Ba3 Na6 18. Bxe7 Kxe7 19. Bxa6 Rxa6 20. Nb5 Qc8 21.
Rc1 Qxc2 22. Rxc2 Raa8 23. Ke2 Rhc8 24. Rhc1 Rxc2+ 25. Rxc2 Nb6 26. Rc7+ Kf8
27. Nc3 Rc8 1/2-1/2

[Event "27th North American Open"]
[Site "Las Vegas"]
[Date "2017.12.29"]
[Round "7"]
[White "Ghaemmaghami, Ehsan"]
[Black "Sheng, Joshua"]
[Result "1-0"]
[WhiteElo "2545"]
[BlackElo "2392"]
[PlyCount "119"]
[EventDate "2017.12.??"]
[EventType "swiss"]
[EventRounds "9"]
[EventCountry "USA"]
[Source "MonRoi"]

1. d4 d5 2. Nf3 Nf6 3. c4 c6 4. e3 Bg4 5. Nc3 e6 6. h3 Bh5 7. g4 Bg6 8. Ne5
Nbd7 9. Nxg6 hxg6 10. Bd2 Be7 11. Qf3 a6 12. h4 Rc8 13. g5 Nh5 14. cxd5 cxd5
15. Bd3 O-O 16. O-O Nb8 17. Rac1 Nc6 18. Qg2 Nb4 19. Be2 e5 20. a3 exd4 21.
exd4 Nc6 22. Bg4 Rb8 23. Nxd5 Bd6 24. Rfe1 Nxd4 25. Bc3 Nb5 26. Bxh5 Nxc3 27.
Rxc3 gxh5 28. Rd3 Kh8 29. Qf3 Qa5 30. b4 Qb5 31. Qxh5+ Kg8 32. g6 fxg6 33. Ne7+
Bxe7 34. Qxb5 axb5 35. Rxe7 Rf7 36. Rxf7 Kxf7 37. Kg2 Ke6 38. Rg3 Kf6 39. Rg5
Ra8 40. Rxb5 Rxa3 41. Rxb7 Kf5 42. Rf7+ Kg4 43. Rxg7 Ra6 44. Rc7 Kxh4 45. Rc4+
Kg5 46. b5 Rb6 47. Rb4 Kf5 48. Kf3 Ke5 49. Kg4 Kd5 50. Kg5 Kc5 51. Rb1 Kd4 52.
Re1 Rxb5+ 53. Kxg6 Rb6+ 54. Kf5 Rb8 55. Rd1+ Kc5 56. f4 Rf8+ 57. Kg5 Rg8+ 58.
Kh6 Rf8 59. Rf1 Kd6 60. Kg7 1-0

[Event "27th North American Open"]
[Site "Las Vegas"]
[Date "2017.12.29"]
[Round "7"]
[White "Lee, Michael"]
[Black "Paragua, Mark"]
[Result "1/2-1/2"]
[WhiteElo "2406"]
[BlackElo "2513"]
[PlyCount "90"]
[EventDate "2017.12.??"]
[EventType "swiss"]
[EventRounds "9"]
[EventCountry "USA"]
[Source "MonRoi"]

1. Nf3 Nf6 2. c4 g6 3. Nc3 d5 4. cxd5 Nxd5 5. Qa4+ Bd7 6. Qh4 Nxc3 7. dxc3 Nc6
8. e4 e5 9. Bg5 Be7 10. Qh6 Bxg5 11. Nxg5 Qe7 12. Bc4 f6 13. Nf3 O-O-O 14. Qe3
Be6 15. Bb5 Qd6 16. O-O Kb8 17. b4 Ne7 18. a4 g5 19. Be2 Ng6 20. Rfd1 Qe7 21.
Rdb1 Nf4 22. Bf1 Qf7 23. g3 Bc4 24. Bxc4 Qxc4 25. gxf4 gxf4 26. Qe1 Qd3 27. Nh4
Rdg8+ 28. Kh1 Qh3 29. f3 Rg3 30. Rd1 Qxh4 31. Rd3 Qh3 32. Qf2 Rhg8 33. Rad1 Kc8
34. Qd2 Qg2+ 35. Qxg2 Rxg2 36. a5 a6 37. Rd5 h5 38. R5d3 h4 39. Rd8+ Rxd8 40.
Rxd8+ Kxd8 41. Kxg2 Ke7 42. Kh3 Ke6 43. Kxh4 f5 44. exf5+ Kxf5 45. Kh3 b5
1/2-1/2

[Event "27th North American Open"]
[Site "Las Vegas"]
[Date "2017.12.29"]
[Round "7"]
[White "Tiglon, Bryce"]
[Black "Brown, Michael"]
[Result "1/2-1/2"]
[WhiteElo "2385"]
[BlackElo "2506"]
[PlyCount "33"]
[EventDate "2017.12.??"]
[EventType "swiss"]
[EventRounds "9"]
[EventCountry "USA"]
[Source "MonRoi"]

1. e4 e5 2. Nf3 Nc6 3. Bb5 a6 4. Ba4 Nf6 5. O-O Be7 6. Bxc6 dxc6 7. Re1 Nd7 8.
c3 c5 9. Qc2 O-O 10. d4 Bf6 11. Be3 Qe7 12. dxe5 Nxe5 13. Nxe5 Qxe5 14. Nd2 b6
15. Nf3 Qe6 16. Ng5 Qg4 17. Qd1 1/2-1/2

[Event "27th North American Open"]
[Site "Las Vegas"]
[Date "2017.12.29"]
[Round "7"]
[White "Schmakel, Sam"]
[Black "Aaron, Deepak"]
[Result "0-1"]
[WhiteElo "2430"]
[BlackElo "2307"]
[PlyCount "82"]
[EventDate "2017.12.??"]
[EventType "swiss"]
[EventRounds "9"]
[EventCountry "USA"]
[Source "MonRoi"]

1. e4 e5 2. Nf3 Nc6 3. d4 exd4 4. Nxd4 Nf6 5. Nxc6 bxc6 6. e5 Qe7 7. Qe2 Nd5 8.
c4 Nb6 9. Nc3 Bb7 10. Bd2 O-O-O 11. O-O-O g6 12. h4 h6 13. f4 Bg7 14. g3 Rhe8
15. Qf2 Kb8 16. c5 Nd5 17. Nxd5 cxd5 18. Bd3 d6 19. Bb5 dxc5 20. Bxe8 Rxe8 21.
Rhe1 d4 22. Kb1 Qe6 23. Bc1 Rd8 24. b3 a5 25. Ba3 Bf8 26. Qc2 a4 27. bxa4 Qf5
28. Kb2 Qxc2+ 29. Kxc2 Bc6 30. Kd2 c4 31. Rb1+ Kc8 32. Bxf8 Rxf8 33. e6 fxe6
34. Rxe6 Kd7 35. Rxg6 Be4 36. Rg7+ Kd6 37. Rb4 c3+ 38. Kc1 c5 39. Rb6+ Kd5 40.
Re7 d3 41. Re5+ Kd4 0-1

[Event "27th North American Open"]
[Site "Las Vegas"]
[Date "2017.12.29"]
[Round "7"]
[White "Zhang, Xiaopeng"]
[Black "Mandizha, Farai"]
[Result "0-1"]
[WhiteElo "2265"]
[BlackElo "2406"]
[PlyCount "54"]
[EventDate "2017.12.??"]
[EventType "swiss"]
[EventRounds "9"]
[EventCountry "USA"]
[Source "MonRoi"]

1. e4 c5 2. Nf3 d6 3. d4 cxd4 4. Nxd4 Nf6 5. Nc3 g6 6. Be3 Bg7 7. f3 O-O 8. Bc4
Nc6 9. Qd2 Bd7 10. O-O-O Rb8 11. Bb3 Na5 12. Kb1 b5 13. h4 Nc4 14. Bxc4 bxc4
15. Ka1 Qa5 16. g4 Rb7 17. h5 Rfb8 18. Rb1 Rb6 19. hxg6 fxg6 20. g5 Nh5 21.
Nde2 Rb4 22. Bd4 Bf8 23. Rh4 Be6 24. f4 Ng3 25. Nxg3 Ra4 26. Qe1 Rbb4 27. Nge2
Rxa2+ 0-1

[Event "27th North American Open"]
[Site "Las Vegas"]
[Date "2017.12.29"]
[Round "7"]
[White "Peng, Shunkai"]
[Black "Kavutskiy, Konstantin"]
[Result "0-1"]
[WhiteElo "2193"]
[BlackElo "2369"]
[PlyCount "76"]
[EventDate "2017.12.??"]
[EventType "swiss"]
[EventRounds "9"]
[EventCountry "USA"]
[Source "MonRoi"]

1. e4 c5 2. Nf3 e6 3. d4 cxd4 4. Nxd4 Nc6 5. Nc3 Qc7 6. g3 a6 7. Bg2 d6 8. O-O
Bd7 9. Re1 Be7 10. Be3 Nf6 11. f4 Rc8 12. Nb3 b5 13. a3 b4 14. axb4 Nxb4 15.
Kh1 O-O 16. g4 d5 17. exd5 Rfd8 18. g5 Nfxd5 19. Nxd5 Nxd5 20. Bxd5 Bc6 21. Nd4
Rxd5 22. Kg1 Bb7 23. Qg4 Qd7 24. c3 g6 25. Kf2 h5 26. Qg3 Bd6 27. Nf3 Rc4 28.
Bd4 Rf5 29. Re5 Rxd4 30. Nxd4 Bxe5 31. Nxf5 Qd2+ 32. Kg1 Bxf4 33. Qf2 Qxf2+ 34.
Kxf2 gxf5 35. h4 Bc7 36. Rd1 Bb6+ 37. Ke2 f4 38. c4 Bg2 0-1

[Event "27th North American Open"]
[Site "Las Vegas"]
[Date "2017.12.29"]
[Round "7"]
[White "Shen, Shiyan"]
[Black "Niemann, Hans"]
[Result "0-1"]
[WhiteElo "2019"]
[BlackElo "2297"]
[PlyCount "168"]
[EventDate "2017.12.??"]
[EventType "swiss"]
[EventRounds "9"]
[EventCountry "USA"]
[Source "MonRoi"]

1. e4 e6 2. d4 d5 3. Nd2 c5 4. exd5 Qxd5 5. Ngf3 cxd4 6. Bc4 Qd7 7. O-O Nc6 8.
Nb3 a6 9. Nbxd4 Nxd4 10. Nxd4 Qc7 11. Bb3 Bd6 12. h3 Ne7 13. Qf3 O-O 14. c3 Kh8
15. Bc2 f5 16. Qh5 Bd7 17. Bb3 e5 18. Ne6 Bxe6 19. Bxe6 f4 20. Qf3 Rae8 21. Qe4
Bc5 22. b4 Ba7 23. Bb2 Nc8 24. Bb3 Nd6 25. Qd5 e4 26. c4 Nf5 27. Bc2 Bb8 28.
Qc5 Qxc5 29. bxc5 Ba7 30. Ba3 e3 31. Bxf5 Rxf5 32. fxe3 Rxe3 33. Rae1 Rxe1 34.
Rxe1 h6 35. Re4 f3 36. g4 f2+ 37. Kf1 Rf3 38. Bb2 Bxc5 39. Bd4 Bxd4 40. Rxd4
Rxh3 41. Rd7 Rc3 42. Rc7 Rc2 43. a3 b5 44. c5 a5 45. Ra7 a4 46. Rc7 Rc3 47.
Kxf2 Rxa3 48. Rb7 Rb3 49. c6 Rc3 50. Rxb5 Rxc6 51. Ra5 Rc2+ 52. Ke3 Ra2 53. g5
Kh7 54. gxh6 Kxh6 55. Kf3 a3 56. Kg3 Ra1 57. Kf3 Kg6 58. Kg3 Kf6 59. Kf3 Ke6
60. Kg3 Kd6 61. Kg2 Kc6 62. Kf2 Kb6 63. Ra8 Kb5 64. Kg2 Kb4 65. Rb8+ Kc3 66.
Kf3 a2 67. Rc8+ Kd4 68. Rd8+ Ke5 69. Re8+ Kf6 70. Rf8+ Ke7 71. Ra8 Rf1+ 72. Kg2
a1=Q 73. Rxa1 Rxa1 74. Kf3 Kf6 75. Kg2 Kg5 76. Kf3 Kh4 77. Kf4 g5+ 78. Kf5 g4
79. Kg6 g3 80. Kh6 g2 81. Kh7 g1=Q 82. Kh6 Qg5+ 83. Kh7 Ra7+ 84. Kh8 Qg7# 0-1

[Event "27th North American Open"]
[Site "Las Vegas"]
[Date "2017.12.29"]
[Round "7"]
[White "Kretchetov, Alexandre"]
[Black "Soo-Burrowes, Eliot"]
[Result "1-0"]
[WhiteElo "2264"]
[BlackElo "2143"]
[PlyCount "93"]
[EventDate "2017.12.??"]
[EventType "swiss"]
[EventRounds "9"]
[EventCountry "USA"]
[Source "MonRoi"]

1. Nf3 Nf6 2. c4 c6 3. d4 d5 4. e3 Bf5 5. Nc3 e6 6. Nh4 Bg6 7. Nxg6 hxg6 8. Bd2
Nbd7 9. h3 Be7 10. Be2 dxc4 11. Bxc4 c5 12. d5 exd5 13. Nxd5 Nxd5 14. Bxd5 Rb8
15. O-O O-O 16. Qc2 Nf6 17. Bf3 Qc7 18. Rfd1 Bd6 19. Rac1 b6 20. g3 Rfd8 21.
Bg2 b5 22. b3 Rdc8 23. Qd3 Rd8 24. Qe2 Qe7 25. Rc2 Bc7 26. Rdc1 Nd7 27. f4 a6
28. Be1 Bb6 29. Bf2 Nf8 30. a4 Qd7 31. axb5 Qxb5 32. Qxb5 axb5 33. Bf1 c4 34.
bxc4 bxc4 35. Bxc4 Rd6 36. h4 Re8 37. Kg2 Nd7 38. Bb5 Kf8 39. Kf3 f5 40. Rc6
Rd5 41. Ba4 Rd3 42. R1c3 Rxc3 43. Rxc3 Ba5 44. Ra3 Bb4 45. Rb3 Nc5 46. Rxb4 Re4
47. Rb8+ 1-0

[Event "27th North American Open"]
[Site "Las Vegas"]
[Date "2017.12.29"]
[Round "7"]
[White "Ghatti, Sanjay"]
[Black "Kolay, Alex"]
[Result "1-0"]
[WhiteElo "2212"]
[BlackElo "2034"]
[PlyCount "57"]
[EventDate "2017.12.??"]
[EventType "swiss"]
[EventRounds "9"]
[EventCountry "USA"]
[Source "MonRoi"]

1. e4 e6 2. d4 d5 3. Nd2 Nc6 4. Ngf3 Nf6 5. e5 Nd7 6. c3 f6 7. Bb5 fxe5 8. dxe5
Be7 9. Nd4 Nxd4 10. cxd4 O-O 11. Qg4 Nb8 12. O-O Bd7 13. Bd3 Qe8 14. Nf3 Qf7
15. Bg5 Nc6 16. Rac1 Rac8 17. Rxc6 Bxc6 18. Qh4 h6 19. Bxe7 g5 20. Bxg5 hxg5
21. Nxg5 Qe7 22. f4 Rf7 23. Rf3 Rg7 24. Rh3 Kf8 25. Qh6 a5 26. Nh7+ Kf7 27.
Qh5+ Kg8 28. Nf6+ Kf8 29. Bg6 1-0

[Event "27th North American Open"]
[Site "Las Vegas"]
[Date "2017.12.29"]
[Round "7"]
[White "Dukic, Zachary"]
[Black "Yanayt, Eugene"]
[Result "1-0"]
[WhiteElo "2003"]
[BlackElo "2173"]
[PlyCount "71"]
[EventDate "2017.12.??"]
[EventType "swiss"]
[EventRounds "9"]
[EventCountry "USA"]
[Source "MonRoi"]

1. e4 c5 2. Nf3 Nc6 3. d4 cxd4 4. Nxd4 g6 5. Nc3 Bg7 6. Be3 Nf6 7. Bc4 O-O 8.
Bb3 Re8 9. O-O d6 10. h3 Na5 11. Qe2 a6 12. Rad1 Qc7 13. f4 Nxb3 14. cxb3 b5
15. Rc1 Qb7 16. Qf3 e6 17. b4 Qd7 18. Nb3 Bb7 19. Rfd1 Rad8 20. Bb6 Rc8 21. Qe3
Rc4 22. Na5 Rxb4 23. Bc5 Rxb2 24. Bxd6 b4 25. Bxb4 Qc7 26. Nb5 Qb8 27. Bd6 Rxb5
28. Bxb8 Rxa5 29. Bc7 Rb5 30. Rc4 Bh6 31. a4 Rh5 32. g4 Rh4 33. g5 Bxg5 34.
fxg5 Nxe4 35. Rdd4 f5 36. gxf6 1-0

[Event "27th North American Open"]
[Site "Las Vegas"]
[Date "2017.12.29"]
[Round "7"]
[White "Atoufi, Pedram"]
[Black "Meduri, Aakaash"]
[Result "1-0"]
[WhiteElo "2284"]
[BlackElo "2059"]
[PlyCount "69"]
[EventDate "2017.12.??"]
[EventType "swiss"]
[EventRounds "9"]
[EventCountry "USA"]
[Source "MonRoi"]

1. e4 d5 2. exd5 Qxd5 3. Nf3 Nf6 4. d4 Bg4 5. Be2 e6 6. c4 Qd8 7. Be3 Nbd7 8.
Nc3 Be7 9. O-O O-O 10. h3 Bh5 11. g4 Bg6 12. Nh4 c5 13. Nxg6 hxg6 14. d5 exd5
15. Nxd5 Bd6 16. Bg5 Nb6 17. Bf3 Nbxd5 18. Bxd5 Qc7 19. Bg2 Bh2+ 20. Kh1 Be5
21. f4 Bd4 22. f5 gxf5 23. Rxf5 Rfe8 24. Bxf6 Bxf6 25. g5 Re5 26. Rxe5 Bxe5 27.
g6 fxg6 28. Qg4 Bf6 29. Bd5+ Kh8 30. Re1 Rd8 31. Qxg6 Qf4 32. Re8+ Rxe8 33.
Qh5+ Qh6 34. Qxe8+ Kh7 35. Bg8+ 1-0

[Event "27th North American Open"]
[Site "Las Vegas"]
[Date "2017.12.29"]
[Round "7"]
[White "Adriaanse, Adam"]
[Black "Krishnamoorthy, Vijay"]
[Result "1/2-1/2"]
[WhiteElo "1996"]
[BlackElo "2198"]
[PlyCount "104"]
[EventDate "2017.12.??"]
[EventType "swiss"]
[EventRounds "9"]
[EventCountry "USA"]
[Source "MonRoi"]

1. d4 d6 2. Nf3 Nf6 3. Bf4 g6 4. h3 Bg7 5. e3 O-O 6. Be2 b6 7. O-O Bb7 8. a4 a6
9. a5 b5 10. c4 c6 11. Nbd2 Nfd7 12. Bh2 b4 13. Qc2 c5 14. d5 Re8 15. Bd3 Ne5
16. Nxe5 dxe5 17. Ne4 Nd7 18. Rfd1 h6 19. g4 Qc8 20. Be2 Rf8 21. h4 f5 22. gxf5
gxf5 23. Ng3 e4 24. Nh5 Bf6 25. Bg3 Kh8 26. Kh1 Ne5 27. Nxf6 exf6 28. Bf4 Kh7
29. Rg1 Qd7 30. Rg2 Rg8 31. Rag1 Rxg2 32. Rxg2 Ng6 33. Bg3 Rg8 34. Qd1 Ne5 35.
Qf1 Nf3 36. Bxf3 exf3 37. Rg1 Kh8 38. Bf4 Rg4 39. Rxg4 fxg4 40. Kh2 Qf5 41. Qd1
g3+ 42. fxg3 Qe4 43. b3 Bc8 44. Kg1 Kg7 45. Kf2 Bg4 46. Bd6 Bh5 47. Bxc5 Qg4
48. Bxb4 Qh3 49. Qg1 Qf5 50. Qd1 Qh3 51. Qg1 Qf5 52. Qd1 Qh3 1/2-1/2